000 01396cam a2200301 i 4500
999 _c21569
_d21569
001 vtls001473423
003 NUKAT
005 20220222142717.0
008 091125s2009 pl a u |000 0 pol c
020 _a9788325167370
035 _axx001473423
039 9 _a201607111043
_bvbj
_c201401020113
_dVLOAD
_c201312310134
_dVLOAD
_c200911271016
_dvagh
040 _aKR 93/MU
_cKR 93/MU
_dKR 93/MU
041 1 _apol
_heng
245 0 0 _aUrządzenia foniczne i audiowizualne - Cyfrowe tory fonii - Podstawowe metody pomiarów parametrów fonicznych - Część 1: Postanowienia ogólne PN-EN 61606-1:2009P /
_cPolski Komitet Normalizacyjny.
246 1 3 _aAudio and audiovisual equipment - Digital audio parts - Basic measurement methods characteristics - Part 1: General
246 3 0 _aPN-EN 61606-1:2009
260 _aWarszawa :
_bPolski Komitet Normalizacyjny,
_c2009.
300 _a2, 27 s. :
_bil. ;
_c30 cm.
500 _aICS 33.160.01.
590 _aWprowadza EN 61606-1:2004, IDT, IEC 61606-1:2003, IDT. Zastępuje PN-EN 61606-1:2004. Zatwierdzona 16 lutego 2009 r.
590 _aStatus: wycofana ; Zastąpiona przez PN-EN 61606-1:2010 wersja angielska.
710 1 _aPolska.
_bPolski Komitet Normalizacyjny.
_91107
710 1 _aPolska.
_bPolski Komitet Normalizacyjny.
_bWydział Wydawnictw Normalizacyjnych.
_4pbl
_91108
942 _2ddc
_cBK